S. Chand's advanced objective general knowledge / (Record no. 165931)

MARC details
000 -LEADER
fixed length control field 00729nam a22002057a 4500
005 - DATE AND TIME OF LATEST TRANSACTION
control field 20190711105126.0
010 ## - LCCN (DPL NO)
LC control number B-728457
020 ## - INTERNATIONAL STANDARD BOOK NUMBER
International Standard Book Number 9789352832200
Terms of availability 525.00
035 ## - SYSTEM CONTROL NUMBER
System control number B-728457
037 ## - SOURCE OF ACQUISITION
Source of stock number/acquisition RK Books
082 ## - DEWEY DECIMAL CLASSIFICATION NUMBER
Classification number 000
100 ## - MAIN ENTRY--PERSONAL NAME
Personal name Aggarwal,R.S.
245 ## - TITLE STATEMENT
Title S. Chand's advanced objective general knowledge /
Statement of responsibility, etc by R.S. Aggarwal
250 ## - EDITION STATEMENT
Edition statement rev. ed
260 ## - PUBLICATION, DISTRIBUTION, ETC. (IMPRINT)
Place of publication, distribution, etc New Delhi
Name of publisher, distributor, etc S. Chand
Date of publication, distribution, etc 2018
270 ## - ADDRESS
Address 7361, Ram Nagar, Qutub Road
City New Delhi
Postal code 110055
300 v# - PHYSICAL DESCRIPTION
Extent various pagings
Dimensions 27cm(pbk)
942 ## - ADDED ENTRY ELEMENTS (KOHA)
Source of classification or shelving scheme Dewey Decimal Classification
Item type English Books
Call number suffix AGG
Classification part 000
Holdings
Withdrawn status Lost status Not for loan Collection code Home library Current library Date acquired Source of acquisition Cost, normal purchase price Full call number Barcode Copy number Cost, replacement price Koha item type Public note
      Non-fiction Kadipur Kadipur 05/07/2019 RK Books/IN569/2019-20/17.06.2019/09/06.06.2019/28.06.2019 525.00 000 AGG B-728457 1 525.00 English Books Spl. power

© Delhi Public Library
Hit Counter
free hit counter